000 01196cam a2200349 a 4500
999 _c174428
_d174428
001 2925390
003 Nust
005 20180611035902.0
008 890505s1990 nyu 000 1 eng
010 _a 89010177
020 _a9780751530438
_cRs. 556
038 _aArshad
040 _aDLC
_cDLC
_dDLC
_dOCoLC
_dDLC
_dOCoLC
_dDLC
043 _an-us---
_an-us-va
050 0 0 _aPS3553.O692
_bP6 1990
082 0 0 _a813.54
_bCOR
100 1 _aCornwell, Patricia Daniels.
_911118
245 1 0 _aPostmortem /
_cPatricia Daniels Cornwell.
260 _aNew York :
_bScribner,
_c1990.
300 _a404 p. ;
_c22 cm.
500 _aSubtitle on jacket: A mystery introducing Dr. Kay Scarpetta.
600 1 0 _aScarpetta, Kay
_c(Fictitious character)
_vFiction.
_911119
650 0 _aMedical examiners (Law)
_xFiction.
_911120
650 0 _aForensic pathologists
_vFiction.
_911121
650 0 _aWomen physicians
_vFiction.
_911122
651 0 _aRichmond (Va.)
_xFiction.
_911123
655 7 _aDetective and mystery stories.
_2gsafd
_92977
655 7 _aMedical novels.
_2gsafd
_911124
906 _a7
_bcbc
_corignew
_d1
_eocip
_f19
_gy-gencatlg
942 _2ddc
_cBK